Global health informatics: (Record no. 5692)

MARC details
000 -LEADER
fixed length control field 00866nam a22002897a 4500
003 - CONTROL NUMBER IDENTIFIER
control field OSt
005 - DATE AND TIME OF LATEST TRANSACTION
control field 20220107122828.0
008 - FIXED-LENGTH DATA ELEMENTS--GENERAL INFORMATION
fixed length control field 170705b xxu||||| |||| 00| 0 eng d
020 ## - INTERNATIONAL STANDARD BOOK NUMBER
International Standard Book Number 9780262533201
040 ## - CATALOGING SOURCE
Transcribing agency IIITMK
082 ## - DEWEY DECIMAL CLASSIFICATION NUMBER
Classification number 610.285 CEL/G
100 ## - MAIN ENTRY--PERSONAL NAME
Personal name Celi, Leo Anthony G
9 (RLIN) 12140
245 ## - TITLE STATEMENT
Title Global health informatics:
Remainder of title Principles of ehealth and mhealth to improve quality of care
260 ## - PUBLICATION, DISTRIBUTION, ETC.
Place of publication, distribution, etc. London,
Name of publisher, distributor, etc. MIT Press,
Date of publication, distribution, etc. 2017.
300 ## - PHYSICAL DESCRIPTION
Extent xii,447p.
650 ## - SUBJECT ADDED ENTRY--TOPICAL TERM
Topical term or geographic name entry element MEDICAL INFORMATICS
9 (RLIN) 12141
650 ## - SUBJECT ADDED ENTRY--TOPICAL TERM
Topical term or geographic name entry element HEALTH INFORMATICS
9 (RLIN) 12142
650 ## - SUBJECT ADDED ENTRY--TOPICAL TERM
Topical term or geographic name entry element eHEALTH
9 (RLIN) 12143
650 ## - SUBJECT ADDED ENTRY--TOPICAL TERM
Topical term or geographic name entry element mHEALTH
9 (RLIN) 12393
650 ## - SUBJECT ADDED ENTRY--TOPICAL TERM
Topical term or geographic name entry element HEALTH SCIENCES
9 (RLIN) 12404
650 ## - SUBJECT ADDED ENTRY--TOPICAL TERM
Topical term or geographic name entry element DIGITAL TECHNOLOGY
9 (RLIN) 12405
700 ## - ADDED ENTRY--PERSONAL NAME
Personal name Fraser, Hamish S F
9 (RLIN) 12144
700 ## - ADDED ENTRY--PERSONAL NAME
Personal name Nikore, Vipan
9 (RLIN) 12145
700 ## - ADDED ENTRY--PERSONAL NAME
Personal name Osorio, Juan Sebastian
9 (RLIN) 12146
700 ## - ADDED ENTRY--PERSONAL NAME
Personal name Paik, Kenneth
9 (RLIN) 12147
942 ## - ADDED ENTRY ELEMENTS (KOHA)
Source of classification or shelving scheme Dewey Decimal Classification
Koha item type Books
Holdings
Withdrawn status Lost status Source of classification or shelving scheme Damaged status Not for loan Collection code Home library Current library Shelving location Date acquired Cost, normal purchase price Total Checkouts Full call number Barcode Date last seen Date last checked out Price effective from Koha item type
    Dewey Decimal Classification     Nano Medicine Kerala University of Digital Sciences, Innovation and Technology Knowledge Centre Kerala University of Digital Sciences, Innovation and Technology Knowledge Centre Medicine 05/07/2017 2218.00 1 610.285 CEL/G 4847 10/09/2021 10/06/2021 05/07/2017 Books